000 00243nam a2200097Ia 4500
001 721683
005 20250826163257.0
008 250824s9999 xx 000 0 und d
245 0 _aYABANİ
_cYazar Adı Belirtilmemiş
260 _bPANAMA YAYINLARI
999 _c721683
_d721683